00529 2200181 4500001002100000005001500021035002000036245011700056100001500173300002300188260004200211082001100253084001700264020002200281650002200303990001100325990001100336INLIS00000000000173720241125092157 a0010-11240000231 aThe Power Of Mind :b15 Menit Melatih Kekuatan Pikiran untuk Kesuksesan, Kekayaan dan Panjang Umur /cTS. Arunda0 aTS. Arunda a232 hlm ;c20,5 cm aYogyakarta :bAraska Publisher,c2022 a155.25 a155.25 TS. t a978-623-7910-70-1 4aPengembangan Diri a003598 a003599